[Event "XIV American Continental"]
[Site "Sao Paulo BRA"]
[Date "2019.07.09"]
[Round "7.47"]
[White "Gauche, Charles"]
[Black "Cordero Loup, Ely Daniela"]
[Result "1-0"]
[WhiteElo "2200"]
[BlackElo "2076"]
[EventDate "2019.07.05"]
[PlyCount "67"]
[EventRounds "11"]
[EventCountry "BRA"]

1.e4 e6 2.d4 d5 3.Nd2 c5 4.exd5 exd5 5.dxc5 Bxc5 6.Nb3 Bb6 7.c3 Nf6 8.Nf3 
O-O 9.Be2 Bg4 10.O-O Re8 11.Bg5 Nbd7 12.h3 Bh5 13.Nbd4 h6 14.Bh4 g5 15.Bg3
Ne4 16.Bh2 Bg6 17.Bb5 f6 18.Nf5 Ndc5 19.Nxh6+ Kh7 20.Bxe8 Qxe8 21.Ng4 Rc8 
22.Nd4 f5 23.Ne5 Bh5 24.f3 f4 25.Ng4 Bxg4 26.hxg4 Qg6 27.Qc2 Rh8 28.fxe4 
dxe4 29.Rad1 Kg8 30.g3 Nd7 31.Qb3+ Kg7 32.Qd5 Qh6 33.Rf2 Qh3 34.Nf5+ 1-0

[Event "XIV American Continental"]
[Site "Sao Paulo BRA"]
[Date "2019.07.09"]
[Round "7.48"]
[White "Fiaes, Mario Henrique Andrade"]
[Black "Pereira, Geanfrancesco"]
[Result "0-1"]
[WhiteElo "2173"]
[BlackElo "2068"]
[EventDate "2019.07.05"]
[PlyCount "97"]
[EventRounds "11"]
[EventCountry "BRA"]

1.d4 Nf6 2.c4 e6 3.Nf3 Bb4+ 4.Nbd2 d6 5.Qc2 O-O 6.g3 Nc6 7.Bg2 e5 8.d5 Ne7
9.O-O a5 10.e4 a4 11.Ne1 Nd7 12.Nd3 Bc5 13.Nf3 c6 14.Nxc5 Nxc5 15.Be3 Qa5 
16.Rfd1 cxd5 17.cxd5 b6 18.Nd2 Rd8 19.f4 f6 20.Nc4 Qa7 21.fxe5 fxe5 22.Bg5
b5 23.Ne3 Rf8 24.Rf1 Ng6 25.h4 h6 26.h5 Nh8 27.Bh4 Ba6 28.Kh2 b4 29.Rxf8+ 
Rxf8 30.Nf5 Bd3 31.Qd2 Bxe4 32.Nxd6 Bxg2 33.Qxg2 Qd7 34.Nc4 e4 35.Ne3 Rf3 
36.Qe2 g5 37.hxg6 Nxg6 38.Ng2 Qxd5 39.Rd1 Nd3 40.Ne1 Nxh4 41.Nxf3 Nxf3+ 
42.Kg2 Ng5 43.Kh2 Qxa2 44.Qg4 Qxb2+ 45.Kg1 Qf2+ 46.Kh1 Qf3+ 47.Qxf3 Nxf3 
48.Ra1 a3 49.Kg2 0-1

[Event "XIV American Continental"]
[Site "Sao Paulo BRA"]
[Date "2019.07.09"]
[Round "7.49"]
[White "Almeida Junior, Alvaro Alves de"]
[Black "Bueno, Alfeu Junior Varela"]
[Result "1-0"]
[WhiteElo "2076"]
[BlackElo "2169"]
[EventDate "2019.07.05"]
[PlyCount "67"]
[EventRounds "11"]
[EventCountry "BRA"]

1.e4 e6 2.d4 d5 3.exd5 exd5 4.Nf3 Bd6 5.Bd3 Bg4 6.c3 Nc6 7.h3 Qe7+ 8.Be3 
Bh5 9.Nbd2 O-O-O 10.O-O f6 11.b4 Kb8 12.a4 g5 13.a5 Qf7 14.b5 Nce7 15.b6 
Nc8 16.Qb3 g4 17.bxa7+ Ka8 18.Ba6 c6 19.Rfb1 Rd7 20.hxg4 Bxg4 21.Rb2 Kxa7 
22.Bd3 Nge7 23.c4 dxc4 24.d5+ c5 25.Bxc4 Rg8 26.Qb6+ Kb8 27.Qb5 Qh5 28.Be2
Na7 29.Qa4 Nec8 30.Rab1 Rgg7 31.a6 Bh2+ 32.Nxh2 Bxe2 33.Rxb7+ Rxb7 34.Bf4+
1-0

[Event "XIV American Continental"]
[Site "Sao Paulo BRA"]
[Date "2019.07.09"]
[Round "7.50"]
[White "Carvalho Fattoruso, Guillermo"]
[Black "Markzon, Gregory"]
[Result "1/2-1/2"]
[WhiteElo "2162"]
[BlackElo "2059"]
[EventDate "2019.07.05"]
[PlyCount "57"]
[EventRounds "11"]
[EventCountry "BRA"]

1.c4 Nf6 2.Nc3 g6 3.e4 d6 4.g3 Bg7 5.Bg2 O-O 6.Nge2 Nc6 7.O-O e5 8.d3 Nh5 
9.f4 exf4 10.Nxf4 Nxf4 11.Bxf4 Ne5 12.Qd2 Be6 13.h3 c5 14.Kh2 a6 15.a4 Nc6
16.Bg5 f6 17.Bf4 Nd4 18.Rae1 Qd7 19.Rf2 Rad8 20.Rb1 Nc6 21.Rbf1 Kh8 22.g4 
Nd4 23.Rb1 Nc6 24.Bf3 Ne5 25.Bg2 Nc6 26.Rbf1 Nd4 27.Bg3 Rf7 28.Bf4 Nc6 29.
Re1 1/2-1/2

[Event "XIV American Continental"]
[Site "Sao Paulo BRA"]
[Date "2019.07.09"]
[Round "7.51"]
[White "Mariani, Daniel Brandao"]
[Black "Madeira, Wagner Martins"]
[Result "1/2-1/2"]
[WhiteElo "2062"]
[BlackElo "2150"]
[EventDate "2019.07.05"]
[PlyCount "113"]
[EventRounds "11"]
[EventCountry "BRA"]

1.d4 Nf6 2.c4 g6 3.Nc3 Bg7 4.e4 d6 5.f4 O-O 6.Nf3 c5 7.d5 e6 8.Be2 exd5 9.
cxd5 Bg4 10.O-O Nbd7 11.a4 Rc8 12.Re1 Re8 13.h3 Bxf3 14.Bxf3 c4 15.Be3 Nc5
16.Qc2 a6 17.Kh1 Nfd7 18.g3 Nd3 19.Re2 N7c5 20.Rd1 Nxb2 21.Rb1 Bxc3 22.
Qxc3 Nbxa4 23.Qd4 b5 24.Rf1 Nb3 25.Qd1 Nc3 26.Qc2 Nxe2 27.Bxe2 f5 28.Bf3 
Qd7 29.Qc3 Rxe4 30.Bxe4 fxe4 31.f5 Re8 32.g4 Re5 33.Bh6 g5 34.Qe3 Qe7 35.
f6 Qf7 36.Qb6 Nd2 37.Qxd6 Re8 38.Rf5 Nf3 39.Qg3 c3 40.Qf2 Rc8 41.Bxg5 b4 
42.Qb6 Nxg5 43.Rxg5+ Kh8 44.Qxa6 Rf8 45.Qc4 Qxf6 46.Rf5 Qg7 47.Qxe4 Rxf5 
48.Qxf5 h6 49.d6 Qb7+ 50.Kh2 b3 51.d7 Qc7+ 52.Kg2 c2 53.Qf6+ Kh7 54.Qf7+ 
Kh8 55.Qf8+ Kh7 56.Qf7+ Kh8 57.Qf8+ 1/2-1/2

[Event "XIV American Continental"]
[Site "Sao Paulo BRA"]
[Date "2019.07.09"]
[Round "7.52"]
[White "Freitas, Remulo Aguiar"]
[Black "Lage, Pedro Ferreira"]
[Result "1/2-1/2"]
[WhiteElo "2129"]
[BlackElo "2050"]
[EventDate "2019.07.05"]
[PlyCount "21"]
[EventRounds "11"]
[EventCountry "BRA"]

1.d4 d5 2.c4 c6 3.Nf3 Nf6 4.Nc3 dxc4 5.a4 Bf5 6.e3 e6 7.Bxc4 Bb4 8.O-O 
Nbd7 9.Qe2 Bg6 10.Na2 Be7 11.Nc3 1/2-1/2

[Event "XIV American Continental"]
[Site "Sao Paulo BRA"]
[Date "2019.07.09"]
[Round "7.53"]
[White "Moreira, Ronaldo Alonso"]
[Black "Andrade, Roberto Luiz Costa"]
[Result "1/2-1/2"]
[WhiteElo "2058"]
[BlackElo "2123"]
[EventDate "2019.07.05"]
[PlyCount "32"]
[EventRounds "11"]
[EventCountry "BRA"]

1.d4 Nf6 2.c4 e6 3.Nc3 Bb4 4.e3 c5 5.Bd3 O-O 6.Ne2 Nc6 7.O-O d6 8.Bd2 Re8 
9.a3 Ba5 10.Qc2 Bb6 11.dxc5 dxc5 12.Ng3 Ne5 13.Be2 Bc7 14.f4 Nc6 15.Bf3 
Bd7 16.Nce4 Nxe4 1/2-1/2

[Event "XIV American Continental"]
[Site "Sao Paulo BRA"]
[Date "2019.07.09"]
[Round "7.54"]
[White "De Arruda Filho, Nivaldo Jesus"]
[Black "De Borba, Gabriel"]
[Result "1-0"]
[WhiteElo "2045"]
[BlackElo "2116"]
[EventDate "2019.07.05"]
[PlyCount "91"]
[EventRounds "11"]
[EventCountry "BRA"]

1.c4 e5 2.Nc3 g6 3.g3 Bg7 4.Bg2 d6 5.e4 f5 6.d3 c6 7.Nge2 Nf6 8.O-O O-O 9.
Rb1 a5 10.a3 Be6 11.Qc2 Qd7 12.Na4 Qf7 13.b4 axb4 14.axb4 fxe4 15.dxe4 
Bxc4 16.Nb6 Bxe2 17.Qxe2 Ra2 18.Rb2 Rxb2 19.Bxb2 Qc7 20.Nc4 b5 21.Ne3 Na6 
22.Qd2 Rd8 23.Rd1 Qb6 24.Bxe5 Ne8 25.Bxg7 Nxg7 26.Ng4 Nh5 27.e5 d5 28.Nh6+
Kh8 29.Nf7+ Kg8 30.Nxd8 Qxd8 31.Qc3 Qd7 32.Ra1 Nb8 33.Qc5 Ng7 34.Qd6 Qxd6 
35.exd6 Kf7 36.Bh3 Nf5 37.Bxf5 gxf5 38.Re1 Kf6 39.f4 h5 40.Re2 Nd7 41.Kf2 
Nb6 42.Ke1 Nd7 43.Kd2 Nb6 44.Kd3 Nd7 45.Kd4 Kg6 46.Re7 1-0

[Event "XIV American Continental"]
[Site "Sao Paulo BRA"]
[Date "2019.07.09"]
[Round "7.55"]
[White "Piccoli, Lucas Fonseca"]
[Black "Ferreira, Kleber Victor"]
[Result "0-1"]
[WhiteElo "2116"]
[BlackElo "2038"]
[EventDate "2019.07.05"]
[PlyCount "132"]
[EventRounds "11"]
[EventCountry "BRA"]

1.Nf3 f5 2.d3 Nc6 3.e4 e5 4.exf5 d5 5.Qe2 Bxf5 6.Bf4 Bg4 7.Bxe5 Bxf3 8.
gxf3 Nxe5 9.Qxe5+ Qe7 10.Qxe7+ Bxe7 11.Bh3 Nf6 12.Nd2 O-O 13.d4 Bd6 14.O-O
Rae8 15.Rae1 c6 16.Be6+ Kh8 17.Bg4 g6 18.Nb3 b6 19.c3 Kg7 20.Nc1 Kh6 21.
Nd3 Kg5 22.Bh3 Kh4 23.Kg2 c5 24.Re3 c4 25.Nb4 a5 26.Nc6 Bf4 27.Ree1 Bd2 
28.Re5 Bf4 29.Ree1 Bd2 30.Rxe8 Rxe8 31.Ne5 b5 32.Rd1 Bf4 33.Re1 b4 34.Re2 
bxc3 35.bxc3 a4 36.Rb2 a3 37.Rb6 Nh5 38.Bd7 Rd8 39.Bg4 Bd2 40.Rb7 Nf4+ 41.
Kf1 h5 42.Rh7 Rd6 43.Rb7 Bxc3 44.Nf7 Rf6 45.Bc8 Bxd4 46.Nd8 Bb2 47.Rc7 Nd3
48.Be6 Rxf3 49.Bxd5 Rxf2+ 50.Kg1 c3 51.Bc4 Rd2 52.Bb3 g5 53.Nf7 Nc1 54.Ne5
Nxb3 55.Rc4+ Nd4 56.Nf3+ Kg4 57.Nxd4 Rxd4 58.Rxd4+ Kf3 59.Rc4 Ke2 60.Rc8 
Kd2 61.Rd8+ Kc1 62.h4 g4 63.Kf2 c2 64.Rd5 Kb1 65.Rxh5 c1=Q 66.Kg3 Kxa2 0-1

[Event "XIV American Continental"]
[Site "Sao Paulo BRA"]
[Date "2019.07.09"]
[Round "7.56"]
[White "Tomiello, Mateus Costamilan"]
[Black "Ikejiri, Daniel Yoshito"]
[Result "1-0"]
[WhiteElo "2114"]
[BlackElo "2004"]
[EventDate "2019.07.05"]
[PlyCount "103"]
[EventRounds "11"]
[EventCountry "BRA"]

1.e4 e6 2.d3 d5 3.Nd2 Nf6 4.Ngf3 c5 5.g3 Nc6 6.Bg2 Be7 7.O-O b6 8.Re1 Bb7 
9.c3 Qc7 10.Nf1 dxe4 11.dxe4 O-O 12.Bf4 e5 13.Bg5 Nd8 14.Bxf6 Bxf6 15.Qc2 
Nc6 16.Ne3 Ne7 17.Ng4 Rad8 18.Rad1 Bc8 19.Nxf6+ gxf6 20.Nh4 Bg4 21.Bf3 Be6
22.a3 Rxd1 23.Rxd1 Rd8 24.Kf1 Rxd1+ 25.Qxd1 Qd7 26.Qxd7 Bxd7 27.Ke2 Kf8 
28.Ke3 Be6 29.Be2 Ke8 30.f4 Bb3 31.Nf3 exf4+ 32.gxf4 Kd7 33.Bb5+ Ke6 34.
Nd2 Bd1 35.Bc4+ Kd6 36.Bxf7 b5 37.b4 cxb4 38.cxb4 Nc6 39.Bd5 Ne7 40.Bb3 
Bh5 41.Nb1 Nc6 42.Nc3 a6 43.Bd5 Be8 44.Bxc6 Bxc6 45.Kd4 h5 46.h4 Bb7 47.
Ne2 Bc8 48.Nc1 Kc6 49.Nd3 Kb6 50.Nc5 a5 51.Kd5 axb4 52.axb4 1-0

[Event "XIV American Continental"]
[Site "Sao Paulo BRA"]
[Date "2019.07.09"]
[Round "7.57"]
[White "Luz, Arthur Nader"]
[Black "Nascimento, Pedro Henrique Alves"]
[Result "1-0"]
[WhiteElo "2114"]
[BlackElo "1992"]
[EventDate "2019.07.05"]
[PlyCount "143"]
[EventRounds "11"]
[EventCountry "BRA"]

1.d4 d5 2.c4 e6 3.Nc3 Be7 4.cxd5 exd5 5.Bf4 Nf6 6.e3 c6 7.Bd3 O-O 8.Nge2 
Nbd7 9.Qc2 Re8 10.f3 Nf8 11.O-O-O c5 12.dxc5 Bxc5 13.Nxd5 Nxd5 14.Qxc5 Be6
15.Kb1 Qf6 16.Rc1 Ng6 17.g3 Ngxf4 18.exf4 Rac8 19.Qb5 Nb6 20.Rxc8 Rxc8 21.
Rc1 Rd8 22.Be4 g6 23.Qe5 Qxe5 24.fxe5 Nc4 25.Nc3 Nxe5 26.Bxb7 Bf5+ 27.Ka1 
Rd2 28.g4 Be6 29.h3 Nd3 30.Rd1 Rxd1+ 31.Nxd1 g5 32.b3 h5 33.Be4 Nf4 34.Nf2
Kg7 35.Kb2 Kf6 36.Kc3 Ne2+ 37.Kd2 Nf4 38.Ke3 h4 39.Bb1 Bd5 40.Be4 Be6 41.
Kd4 Bc8 42.Bd5 Ba6 43.Bc4 Bb7 44.Bf1 Bxf3 45.Ne4+ Kg6 46.Ke5 Be2 47.Bxe2 
Nxe2 48.a3 f6+ 49.Nxf6 Nf4 50.Ne4 Nxh3 51.b4 Nf4 52.Nf2 h3 53.b5 h2 54.Kd6
Kf7 55.Kc6 Nd3 56.Nh1 Ke6 57.Kb7 Kd7 58.Kxa7 Nc5 59.b6 Kc6 60.a4 Nb7 61.
Ng3 Na5 62.Ka6 Nb3 63.a5 Nc5+ 64.Ka7 Ne4 65.b7 Nxg3 66.b8=Q h1=Q 67.Qb7+ 
Kd6 68.Qxh1 Nxh1 69.Kb8 Nf2 70.a6 Nxg4 71.a7 Ke5 72.a8=Q 1-0

[Event "XIV American Continental"]
[Site "Sao Paulo BRA"]
[Date "2019.07.09"]
[Round "7.58"]
[White "Januario, Severino Pereira"]
[Black "Dos Reis, Leandro Aparecido C."]
[Result "1/2-1/2"]
[WhiteElo "2112"]
[BlackElo "1990"]
[EventDate "2019.07.05"]
[PlyCount "182"]
[EventRounds "11"]
[EventCountry "BRA"]

1.d4 Nf6 2.Bg5 e6 3.Nf3 h6 4.Bh4 d5 5.e3 c5 6.c3 Nc6 7.Nbd2 cxd4 8.exd4 
Bd6 9.Bd3 O-O 10.O-O Rb8 11.Re1 Bd7 12.Ne5 Be7 13.Nxd7 Nxd7 14.Bg3 Rc8 15.
Nf3 Nf6 16.h3 Bd6 17.Ne5 Qc7 18.Qe2 Nd7 19.Rad1 Ncxe5 20.dxe5 Bc5 21.Kh2 
Rfd8 22.Bb1 Nf8 23.h4 Qb6 24.f4 d4 25.c4 Qa6 26.b3 Rd7 27.Bd3 Qb6 28.Rb1 
Be7 29.Rf1 Re8 30.Qg4 Bb4 31.Rf3 Nh7 32.f5 exf5 33.Bxf5 Rde7 34.Rbf1 Nf8 
35.Be4 Qe6 36.Qh5 Qd7 37.Bd5 Ne6 38.Kh1 Bd2 39.Bh2 g6 40.Qg4 h5 41.Qe4 Kg7
42.Rf6 Be3 43.Qf3 Nd8 44.e6 Rxe6 45.Bxe6 Rxe6 46.Rxe6 Qxe6 47.Bg1 Bxg1 48.
Kxg1 Qe7 49.Qf4 Ne6 50.Qe4 b6 51.Re1 Qd7 52.Qd5 Qc8 53.b4 Qa6 54.c5 bxc5 
55.bxc5 Qa5 56.Re5 Qd2 57.c6 Qc1+ 58.Kh2 d3 59.Qxd3 Qxc6 60.Re3 Qc7+ 61.g3
Qb6 62.Qb3 Qd6 63.Re2 Kg8 64.Qe3 Nd4 65.Qe8+ Kg7 66.Rf2 Nf5 67.Rxf5 gxf5 
68.Qe3 a5 69.Qc3+ Qf6 70.Qxa5 Qb2+ 71.Kh3 Qb1 72.Qd2 Qh1+ 73.Qh2 Qe4 74.
Qg2 Qg4+ 75.Kh2 Kf6 76.Qd2 Ke6 77.Qc2 Qe4 78.Qd2 f6 79.a3 Ke5 80.Qf4+ Kd4 
81.Qd2+ Kc4 82.Qb2 Kc5 83.Qc3+ Kb5 84.Kg1 f4 85.Qb4+ Qxb4 86.axb4 fxg3 87.
Kg2 Kxb4 88.Kxg3 Kc5 89.Kf4 Kd6 90.Kf5 Ke7 91.Kg6 f5 1/2-1/2

[Event "XIV American Continental"]
[Site "Sao Paulo BRA"]
[Date "2019.07.09"]
[Round "7.59"]
[White "Guerreiro, Alexandre Vieira"]
[Black "Maia, Marco Aurelio Ferreira"]
[Result "1/2-1/2"]
[WhiteElo "2016"]
[BlackElo "2108"]
[EventDate "2019.07.05"]
[PlyCount "20"]
[EventRounds "11"]
[EventCountry "BRA"]

1.d4 d6 2.c4 e5 3.Nf3 e4 4.Ng5 f5 5.g3 Be7 6.Nh3 c6 7.Bg2 Nf6 8.O-O O-O 9.
Nc3 a5 10.f3 d5 1/2-1/2

[Event "XIV American Continental"]
[Site "Sao Paulo BRA"]
[Date "2019.07.09"]
[Round "7.60"]
[White "Labussiere, Yago"]
[Black "Okamura, Milton Kasuo"]
[Result "1-0"]
[WhiteElo "2101"]
[BlackElo "1974"]
[EventDate "2019.07.05"]
[PlyCount "91"]
[EventRounds "11"]
[EventCountry "BRA"]

1.d4 d5 2.c4 c6 3.Nf3 Nf6 4.e3 Bf5 5.Nc3 e6 6.Nh4 Bg4 7.Qb3 Qc7 8.h3 Bh5 
9.g4 Bg6 10.Nxg6 hxg6 11.g5 Nh5 12.e4 dxe4 13.Nxe4 Nd7 14.Be3 Be7 15.O-O-O
a5 16.Kb1 a4 17.Qc2 Nf4 18.Qd2 Rh4 19.f3 O-O-O 20.Bf2 Rhh8 21.Bg3 e5 22.
dxe5 Nxe5 23.Qxf4 Rxd1+ 24.Kc2 Ra1 25.Qxe5 Qxe5 26.Bxe5 f6 27.Bf4 Kd7 28.
h4 f5 29.Nf2 Bd6 30.Bxd6 Kxd6 31.f4 Ra8 32.Be2 Rxh1 33.Nxh1 Rh8 34.Nf2 
Rxh4 35.Nd3 Rh7 36.Kd2 b5 37.cxb5 cxb5 38.Ne5 b4 39.b3 axb3 40.axb3 Kc5 
41.Ke3 Rh3+ 42.Nf3 Rh1 43.Bc4 Rc1 44.Ne5 Rc3+ 45.Nd3+ Kb6 46.Kd4 1-0

[Event "XIV American Continental"]
[Site "Sao Paulo BRA"]
[Date "2019.07.09"]
[Round "7.61"]
[White "De Souza, Cristiano Gomes"]
[Black "Souza, Wellington"]
[Result "1/2-1/2"]
[WhiteElo "2000"]
[BlackElo "2097"]
[EventDate "2019.07.05"]
[PlyCount "86"]
[EventRounds "11"]
[EventCountry "BRA"]

1.d4 Nf6 2.c4 d6 3.Nc3 g6 4.e4 Bg7 5.Nf3 O-O 6.Be2 e5 7.O-O Nbd7 8.Re1 c6 
9.b3 exd4 10.Nxd4 Qb6 11.Be3 Qa5 12.Qc2 d5 13.exd5 cxd5 14.Nxd5 Nxd5 15.
cxd5 Qxd5 16.Rad1 Nf6 17.Nb5 Bf5 18.Rxd5 Bxc2 19.Rd2 Be4 20.Bxa7 Bc6 21.
Be3 Ne4 22.Rc2 Bxb5 23.Bxb5 Nc3 24.a4 Nxb5 25.axb5 Rfe8 26.Rc7 b6 27.Rc6 
Bd4 28.Kf1 Bxe3 29.Rxe3 Reb8 30.g4 h6 31.h4 Ra5 32.Re5 Ra3 33.h5 gxh5 34.
Rxh6 Kg7 35.Rhxh5 Rxb3 36.Re7 Kf6 37.Rc7 Rb4 38.Rf5+ Kg6 39.f3 Rb2 40.
Rcxf7 Ra8 41.R7f6+ Kg7 42.Rf7+ Kg6 43.R7f6+ Kg7 1/2-1/2

[Event "XIV American Continental"]
[Site "Sao Paulo BRA"]
[Date "2019.07.09"]
[Round "7.62"]
[White "Medrano, Mario"]
[Black "Souza, Rafael Cabral de"]
[Result "1/2-1/2"]
[WhiteElo "1960"]
[BlackElo "2094"]
[EventDate "2019.07.05"]
[PlyCount "82"]
[EventRounds "11"]
[EventCountry "BRA"]

1.d4 g6 2.Nf3 Bg7 3.g3 Nf6 4.Bg2 O-O 5.c4 d6 6.b3 Nc6 7.Bb2 a6 8.O-O Rb8 
9.d5 Na5 10.Nd4 Bd7 11.Nc3 c5 12.dxc6 Nxc6 13.Nxc6 Bxc6 14.Bxc6 bxc6 15.
Qc2 Qa5 16.e4 Ng4 17.h3 Ne5 18.Kg2 Nxc4 19.bxc4 Rxb2 20.Qxb2 Bxc3 21.Qb7 
Bxa1 22.Rxa1 Qc3 23.Rd1 Qxc4 24.Qxe7 d5 25.exd5 cxd5 26.Qd6 Qxa2 27.Qxd5 
Re8 28.Qc6 Qe2 29.Rd6 a5 30.Rd4 Qe5 31.Rc4 Re6 32.Qa8+ Kg7 33.Ra4 Rf6 34.
Qxa5 Qe2 35.Qa7 Qf3+ 36.Kf1 Qd1+ 37.Kg2 Qf3+ 38.Kg1 Rd6 39.Rd4 Rf6 40.Rd8 
Qf5 41.Qe3 Re6 1/2-1/2

[Event "XIV American Continental"]
[Site "Sao Paulo BRA"]
[Date "2019.07.09"]
[Round "7.63"]
[White "Adasme Fredes, Mauricio"]
[Black "Zimmermann, Kleber Renato Pereira"]
[Result "1/2-1/2"]
[WhiteElo "2088"]
[BlackElo "1950"]
[EventDate "2019.07.05"]
[PlyCount "76"]
[EventRounds "11"]
[EventCountry "BRA"]

1.d4 Nf6 2.c4 c5 3.d5 b5 4.cxb5 a6 5.bxa6 g6 6.Nc3 Bxa6 7.e4 Bxf1 8.Kxf1 
d6 9.Nf3 Nbd7 10.g3 Bg7 11.Kg2 O-O 12.Qe2 Qb6 13.Bd2 Rfb8 14.b3 Qa6 15.
Qxa6 Rxa6 16.Rab1 Ne8 17.Na4 Nb6 18.Nxb6 Rbxb6 19.a4 Nc7 20.Rhc1 f5 21.
exf5 Nxd5 22.fxg6 hxg6 23.Rc4 Bf6 24.Rg4 Kf7 25.h4 Rb8 26.Ng5+ Kg7 27.Ne4 
Kf7 28.Nxf6 exf6 29.a5 f5 30.Rc4 Rb5 31.f3 Raxa5 32.Bxa5 Ne3+ 33.Kh3 Nxc4 
34.Bd8 Nd2 35.Rd1 Nxf3 36.Rxd6 Rxb3 37.Rf6+ Kg7 38.h5 gxh5 1/2-1/2

[Event "XIV American Continental"]
[Site "Sao Paulo BRA"]
[Date "2019.07.09"]
[Round "7.64"]
[White "Sato, Leticia Miho"]
[Black "Caceres, Diego"]
[Result "0-1"]
[WhiteElo "1693"]
[BlackElo "2087"]
[EventDate "2019.07.05"]
[PlyCount "52"]
[EventRounds "11"]
[EventCountry "BRA"]

1.d4 g6 2.Nf3 Bg7 3.Bf4 d6 4.e3 Nd7 5.h3 e5 6.Bg3 Ne7 7.Bc4 O-O 8.O-O e4 
9.Nfd2 d5 10.Bb3 c6 11.c4 Nb6 12.Nc3 Be6 13.Qe2 Qd7 14.Rac1 f5 15.cxd5 
Nexd5 16.Nc4 Nxc4 17.Bxc4 Nb6 18.Bxe6+ Qxe6 19.b4 g5 20.Bh2 Rae8 21.Qh5 h6
22.Rfe1 Nd5 23.Nxd5 Qxd5 24.Rc5 Qxa2 25.Rxf5 Rxf5 26.Qxe8+ Rf8 0-1

[Event "XIV American Continental"]
[Site "Sao Paulo BRA"]
[Date "2019.07.09"]
[Round "7.65"]
[White "Soares, Paulo Henrique dos Reis"]
[Black "Sega, Carlos Alberto"]
[Result "1/2-1/2"]
[WhiteElo "1922"]
[BlackElo "2220"]
[EventDate "2019.07.05"]
[PlyCount "79"]
[EventRounds "11"]
[EventCountry "BRA"]

1.d4 g6 2.Bf4 Bg7 3.e3 d6 4.Nf3 Nd7 5.h3 e5 6.Bg5 Ne7 7.Bh4 O-O 8.c4 f6 9.
Bg3 f5 10.Nc3 e4 11.Nd2 Nf6 12.b4 Nh5 13.Bh2 c5 14.Nb3 cxd4 15.exd4 Nc6 
16.b5 Na5 17.Be2 Nxb3 18.axb3 Qf6 19.O-O Qxd4 20.Rc1 e3 21.Nd5 exf2+ 22.
Rxf2 Qh4 23.Rf3 Bd4+ 24.Kh1 Be5 25.Nc7 Bxh2 26.Kxh2 f4 27.Qd5+ Kg7 28.Nxa8
Bg4 29.Qxb7+ Kh6 30.Nc7 Rf7 31.Rcf1 Bxf3 32.Bxf3 Ng3 33.Rd1 Re7 34.Qxa7 
Ne2 35.Qb8 Kg7 36.Ne8+ Kh6 37.Nxd6 Qg3+ 38.Kh1 Kg7 39.Qd8 Re3 40.Nf5+ 
1/2-1/2

[Event "XIV American Continental"]
[Site "Sao Paulo BRA"]
[Date "2019.07.09"]
[Round "7.66"]
[White "Curi Milia, Gabriel"]
[Black "Gazola, Vanessa Ramos"]
[Result "1-0"]
[WhiteElo "2185"]
[BlackElo "1954"]
[EventDate "2019.07.05"]
[PlyCount "113"]
[EventRounds "11"]
[EventCountry "BRA"]

1.d4 Nf6 2.c4 g6 3.Nc3 d5 4.cxd5 Nxd5 5.e4 Nxc3 6.bxc3 Bg7 7.Bc4 c5 8.Ne2 
Nc6 9.Be3 O-O 10.O-O Qc7 11.Rc1 Rd8 12.Bf4 Qd7 13.Bb5 e5 14.Bg5 exd4 15.
cxd4 f6 16.Be3 Qe7 17.Qb3+ Kh8 18.d5 Na5 19.Qa4 b6 20.Bxc5 bxc5 21.Qxa5 
Bb7 22.Nc3 f5 23.Rfe1 fxe4 24.Rxe4 Qg5 25.Rce1 Bd4 26.Qc7 Bxc3 27.Re7 Qxd5
28.Rxh7+ Kg8 29.Re4 Rd7 30.Rxd7 Qxe4 31.Qxb7 Qb1+ 32.Bf1 Qxb7 33.Rxb7 Bd4 
34.Bc4+ Kh8 35.g3 Rf8 36.Bf7 a5 37.Kg2 a4 38.f4 a3 39.Bxg6 Rd8 40.Bf7 Bb2 
41.Kf3 Rd4 42.Rc7 Rd2 43.Rxc5 Rxh2 44.Rh5+ Rxh5 45.Bxh5 Kg7 46.g4 Bc1 47.
Ke4 Bd2 48.Be8 Bc1 49.Kf5 Kf8 50.Bb5 Kg7 51.g5 Bd2 52.Kg4 Bc3 53.f5 Bb2 
54.Bc4 Bc3 55.f6+ Kh8 56.Kf5 Bd2 57.g6 1-0

[Event "XIV American Continental"]
[Site "Sao Paulo BRA"]
[Date "2019.07.09"]
[Round "7.67"]
[White "Bortoloso, Moacir Canella"]
[Black "Valim, Luiz Claudio"]
[Result "1-0"]
[WhiteElo "2120"]
[BlackElo "1954"]
[EventDate "2019.07.05"]
[PlyCount "63"]
[EventRounds "11"]
[EventCountry "BRA"]

1.e4 e5 2.Nf3 Nc6 3.Bc4 Bc5 4.c3 Nf6 5.d3 O-O 6.O-O d5 7.exd5 Nxd5 8.h3 
Bf5 9.Re1 Nb6 10.Bb5 f6 11.Be3 Bxe3 12.Rxe3 Ne7 13.d4 Ng6 14.Na3 e4 15.Nd2
Nd5 16.Bc4 Kh8 17.Bxd5 Qxd5 18.g4 Bd7 19.Qb3 Qg5 20.Nxe4 Qh4 21.Nc5 Rae8 
22.c4 Bc8 23.Rae1 Rxe3 24.Qxe3 f5 25.Qg3 Qf6 26.Nc2 f4 27.Qf3 Nh4 28.Qe4 
Qh6 29.Nd3 Ng6 30.Qf3 Qg5 31.Ne5 Nh4 32.Nf7+ 1-0

[Event "XIV American Continental"]
[Site "Sao Paulo BRA"]
[Date "2019.07.09"]
[Round "7.68"]
[White "Carvalho Junior, Celestino"]
[Black "Borges, Wagner da Silva"]
[Result "1/2-1/2"]
[WhiteElo "1954"]
[BlackElo "2114"]
[EventDate "2019.07.05"]
[PlyCount "144"]
[EventRounds "11"]
[EventCountry "BRA"]

1.e4 e6 2.d4 d5 3.exd5 exd5 4.Nf3 Bd6 5.c4 dxc4 6.Bxc4 Nf6 7.Qe2+ Qe7 8.
Qxe7+ Bxe7 9.Bf4 c6 10.Nc3 Nbd7 11.O-O Nb6 12.Bb3 O-O 13.Bg5 Bf5 14.Rfe1 
Rfe8 15.Re5 Bg6 16.Rae1 Kf8 17.h3 Bd6 18.Bxf6 gxf6 19.Rxe8+ Rxe8 20.Rxe8+ 
Kxe8 21.Kf1 Bd3+ 22.Ke1 Nc4 23.Bxc4 Bxc4 24.b3 Bd3 25.g3 Bb4 26.Kd2 Bf5 
27.h4 Ke7 28.Ne1 Bd6 29.Nd3 b6 30.Ke3 Be6 31.Nf4 Bd7 32.Ne4 Bxf4+ 33.Kxf4 
Be6 34.Nc3 Kd6 35.Ke4 b5 36.b4 a5 37.a3 axb4 38.axb4 Bb3 39.Kf5 Ke7 40.Kg4
Ke6 41.Kf4 Bd5 42.Nd1 Bc4 43.Ne3 Bd3 44.g4 h6 45.Kg3 Be4 46.f3 Bd3 47.f4 
Be4 48.f5+ Kd6 49.Kf4 Bd3 50.Kf3 Bb1 51.Kf4 Bd3 52.g5 fxg5+ 53.hxg5 hxg5+ 
54.Kxg5 Ke7 55.Ng2 Bc2 56.Nf4 Be4 57.f6+ Kd6 58.Kh6 Bc2 59.Kg7 Bb3 60.Kf8 
Bc4 61.Ke8 Be6 62.Kd8 Bc4 63.Ke8 Bb3 64.Kf8 Bc4 65.Kg7 Be6 66.Kh6 Bc4 67.
Kh5 Bb3 68.Kg4 Bd1+ 69.Kg3 Bb3 70.Kf3 Bc2 71.Ke3 Bf5 72.Kd2 Be4 1/2-1/2

[Event "XIV American Continental"]
[Site "Sao Paulo BRA"]
[Date "2019.07.09"]
[Round "7.70"]
[White "Manzi, Luiz Antonio Bardaro"]
[Black "Bil Ramos, Angelo"]
[Result "0-1"]
[WhiteElo "2092"]
[BlackElo "1937"]
[EventDate "2019.07.05"]
[PlyCount "89"]
[EventRounds "11"]
[EventCountry "BRA"]

1.Nf3 d5 2.d4 Nf6 3.c4 dxc4 4.Nc3 e6 5.Bg5 h6 6.Bh4 a6 7.a4 Nbd7 8.e4 Be7 
9.Qc2 O-O 10.Bxc4 c5 11.dxc5 Nxc5 12.e5 Ne8 13.Rd1 Qc7 14.Bxe7 Qxe7 15.O-O
Nc7 16.Ba2 b6 17.b4 Nb7 18.Ne4 Nd5 19.Bb1 g6 20.Rxd5 exd5 21.Nf6+ Kg7 22.
Nxd5 Qd8 23.Nc7 Bf5 24.Qc6 Rc8 25.Qxb7 Qxc7 26.Qxc7 Rxc7 27.Bxf5 gxf5 28.
Nh4 Rc4 29.Nxf5+ Kh7 30.b5 axb5 31.axb5 Rc5 32.f4 Rxb5 33.Nd6 Rd5 34.Ne4 
Rb5 35.Nf6+ Kh8 36.Rd1 Rb2 37.Rd7 Kg7 38.h3 Kg6 39.Rd6 Kf5 40.Nh5 Ke4 41.
Rf6 Rc8 42.g4 Ra8 43.Ng3+ Kf3 44.Nf1 Rg2+ 45.Kh1 0-1

[Event "XIV American Continental"]
[Site "Sao Paulo BRA"]
[Date "2019.07.09"]
[Round "7.71"]
[White "De Freitas, Jose Renato Silva"]
[Black "Ermel, Francisco Roberto"]
[Result "0-1"]
[WhiteElo "1873"]
[BlackElo "2064"]
[EventDate "2019.07.05"]
[PlyCount "36"]
[EventRounds "11"]
[EventCountry "BRA"]

1.d4 Nf6 2.c4 g6 3.Nc3 Bg7 4.e4 d6 5.f3 O-O 6.Be3 Nc6 7.Nge2 a6 8.Qd2 Na5 
9.Ng3 b5 10.cxb5 axb5 11.Bxb5 Nb3 12.Qd1 Nxa1 13.Qxa1 Bb7 14.O-O c6 15.Be2
Qa5 16.b4 Qa3 17.Rb1 Rfc8 18.Rb3 Qxb3 0-1

[Event "XIV American Continental"]
[Site "Sao Paulo BRA"]
[Date "2019.07.09"]
[Round "7.72"]
[White "Passos, Rafael Moreira"]
[Black "Santos Filho, Tadeu Sousa"]
[Result "1/2-1/2"]
[WhiteElo "1808"]
[BlackElo "2057"]
[EventDate "2019.07.05"]
[PlyCount "113"]
[EventRounds "11"]
[EventCountry "BRA"]

1.d4 d5 2.c4 e6 3.Nc3 Nf6 4.cxd5 exd5 5.Bg5 c6 6.e3 Bd6 7.Bd3 O-O 8.Qc2 h6
9.Bh4 Re8 10.Nf3 Be6 11.O-O Nbd7 12.Rab1 a5 13.a3 Qb8 14.Bg3 Bxg3 15.hxg3 
Qd6 16.b4 axb4 17.axb4 b5 18.e4 dxe4 19.Nxe4 Nxe4 20.Bxe4 Bc4 21.Bd3 Ra2 
22.Qd1 Bd5 23.Re1 Re7 24.Rxe7 Qxe7 25.Qe1 Qxe1+ 26.Rxe1 Kf8 27.Be4 Bxe4 
28.Rxe4 Ra1+ 29.Re1 Ra4 30.Rb1 Ke7 31.Kf1 Ke6 32.Ke2 Nb6 33.Ne5 f6 34.Nd3 
Kd5 35.Nc5 Ra2+ 36.Kf3 Kxd4 37.Ne6+ Kc3 38.Rc1+ Rc2 39.Rxc2+ Kxc2 40.Nd4+ 
Kc3 41.Nxc6 Nd5 42.Ke4 Nxb4 43.Na7 Kc4 44.Kf5 Nd3 45.Nxb5 Kxb5 46.Kg6 Nxf2
47.Kxg7 Ne4 48.Kxh6 Kc6 49.Kg6 Kd6 50.Kf5 Kd5 51.g4 Kd4 52.Kf4 Kd3 53.Kf3 
Ng5+ 54.Kg3 Ne4+ 55.Kf3 Ng5+ 56.Kg3 Ke4 57.Kh4 1/2-1/2